गमना / (Record no. 115203)

MARC details
000 -LEADER
fixed length control field 01008nam a22002777a 4500
003 - CONTROL NUMBER IDENTIFIER
control field dpl
005 - DATE AND TIME OF LATEST TRANSACTION
control field 20180629130428.0
008 - FIXED-LENGTH DATA ELEMENTS--GENERAL INFORMATION
fixed length control field 180629b xxu||||| |||| 00| 0 eng d
010 ## - LIBRARY OF CONGRESS CONTROL NUMBER
LC control number A-966366
020 ## - INTERNATIONAL STANDARD BOOK NUMBER
Terms of availability 70.00
035 ## - SYSTEM CONTROL NUMBER
System control number A-966366, A-966369
037 ## - SOURCE OF ACQUISITION
Source of stock number/acquisition Cen Lib/Ret
Stock number 8190379607
040 ## - CATALOGING SOURCE
Original cataloging agency DPL
Language of cataloging HN
Transcribing agency 0
082 ## - DEWEY DECIMAL CLASSIFICATION NUMBER
Classification number
Item number हबीब
100 ## - MAIN ENTRY--PERSONAL NAME
Personal name हबीब कैफ़ी
9 (RLIN) 60367
245 ## - TITLE STATEMENT
Title गमना /
Statement of responsibility, etc हबीब कैफ़ी
246 ## - VARYING FORM OF TITLE
Title proper/short title Gamna /
Remainder of title by Habeeb kaify
260 ## - PUBLICATION, DISTRIBUTION, ETC. (IMPRINT)
Place of publication, distribution, etc दिल्ली
Name of publisher, distributor, etc जगतराम एंड संस
Date of publication, distribution, etc 1999
270 ## - ADDRESS
Address ix/221, मेन रोड, गांधीनगर
City दिल्ली
Postal code 110031
300 ## - PHYSICAL DESCRIPTION
Extent 103पृ.
Dimensions 19सेमी(सजिल्द )
650 ## - SUBJECT ADDED ENTRY--TOPICAL TERM
Topical term or geographic name as entry element हिंदी साहित्य
General subdivision
Geographic subdivision
9 (RLIN) 60368
650 ## - SUBJECT ADDED ENTRY--TOPICAL TERM
Topical term or geographic name as entry element हिंदी उपन्यास
9 (RLIN) 60369
650 ## - SUBJECT ADDED ENTRY--TOPICAL TERM
Topical term or geographic name as entry element Hindi literature
Form subdivision
9 (RLIN) 60370
650 ## - SUBJECT ADDED ENTRY--TOPICAL TERM
Topical term or geographic name as entry element Hindi fiction
9 (RLIN) 27248
942 ## - ADDED ENTRY ELEMENTS (KOHA)
Source of classification or shelving scheme Dewey Decimal Classification
Koha item type Hindi Books
Classification part
Call number suffix हबीब
Holdings
Withdrawn status Lost status Damaged status Not for loan Home library Current library Date acquired Source of acquisition Cost, normal purchase price Total Checkouts Full call number Barcode Date last seen Copy number Cost, replacement price Price effective from Koha item type Source of classification or shelving scheme Collection code
        Central Library Central Library 19/08/2015 Cen Lib/Ref 70.00   उ हबीब A-966366 19/08/2015 1 70.00 19/08/2015 Hindi Books    
        Shahdara Branch Shahdara Branch 29/06/2018 BPPD/PUB 70.00   उ हबीब A-966369 29/06/2018   70.00 29/06/2018 Hindi Books Dewey Decimal Classification Fiction

© Delhi Public Library
Hit Counter
free hit counter